LEADER 01139nam0-2200349---450- 001 990009302490403321 005 20110110144027.0 010 $a88-430-3367-0 035 $a000930249 035 $aFED01000930249 035 $a(Aleph)000930249FED01 035 $a000930249 100 $a20101222d2005----km-y0itay50------ba 101 0 $aita 102 $aIT 105 $a--------001yy 200 1 $aDonne migranti$ele difficili scelte di maternità$ericerca sull'interruzione di gravidanza nella provincia di Reggio Emilia$fMaria Merelli, Maria Grazia Ruggerini 210 $aRoma$cCarocci$d2005 215 $a141 p.$d20 cm 225 1 $aBiblioteca di testi e studi$iServizi e politiche sociali$v303 300 $aContiene bibl. (pp. 137-141) 610 0 $aDonne immigrate$aReggio Emilia$aCondizioni sociali 676 $a304.845431082$v22$zita 700 1$aMerelli,$bMaria$0509816 701 1$aRuggerini,$bMaria Grazia$0245063 801 0$aIT$bUNINA$gRICA$2UNIMARC 901 $aBK 912 $a990009302490403321 952 $a304.845 MER 1$b4869$fBFS 959 $aBFS 996 $aDonne migranti$9770975 997 $aUNINA LEADER 00968nam0-22003131i-450- 001 990000098220403321 035 $a000009822 035 $aFED01000009822 035 $a(Aleph)000009822FED01 035 $a000009822 100 $a20011111d--------km-y0itay50------ba 101 0 $aita 105 $ay-------001yy 200 1 $aArch design simplified$ea text book on the rapid and economical design of arch bridges including 33 tables andillustrative designs. 210 $aLondon$cConcrete publications limited$d1945 215 $aVI, 61 p., 5 tav.$cill.$d23 cm 225 1 $aConcrete series 610 0 $aArchi in cemento armato 610 0 $aPonti in cemento armato$aArchi 676 $a624.2 700 1$aFairhurst,$bW. A.$0332933 801 0$aIT$bUNINA$gRICA$2UNIMARC 901 $aBK 912 $a990000098220403321 952 $a13 M 22 09$b22644$fFINBC 959 $aFINBC 996 $aArch design simplified$9116044 997 $aUNINA DB $aING01